Personagens da Bíblia #1 - Statistics

Estatísticas Gerais
  • Esse quiz foi jogado 1 924 vezes
  • A pontuação média é 14 de 18
Estatísticas das Respostas
Dica Personagem % Correto
Construtor da Arca Noé
100%
Homem justo que Deus pemitiu Satanás para atormentar
98%
Traiu Jesus em troca de prata Judas
97%
Derrotou Golias Davi
95%
Liderou os judeus para fora do Egito Moisés
90%
Batizou Jesus João Batista
88%
Ressuscitado dos mortos por Jesus Lázaro
84%
Engolido por uma baleia Jonas
82%
Seus filhos formaram as 12 tribos de Israel Jacó
77%
Ex-cobrador de impostos, apóstolo de Jesus e escritor do Evangelho Mateus
77%
Esposa de Abraão Sara
77%
Descobriu que o túmulo de Jesus estava vazio Maria Madalena
72%
Construtor do Templo Salomão
72%
Trouxe Jesus ao Egito José
64%
Duvidou da ressurreição de Jesus Tomé
64%
Disputou a batalha de Jericó Josué
63%
Vendeu o seu direito de primogenitura Esaú
57%
Terceiro filho de Adão e Eva Sete
54%
Nenhum quiz correspondente encontrado
Distribuição das Pontuações
Porcentagem de Pessoas com Cada Pontuação
Percentil de Números Respondidos
Sua Pontuação Histórica
Você não jogou esse quiz